Kansas City Chiefs Roster 2021 - Statistiken

Allgemein
  • Dieses Quiz wurde 30 mal gespielt
  • Das Durchschnittsergebnis liegt bei 19 aus 54
Antwortstatistiken
Hinweis Antwort % Korrekt
QB Patrick Mahomes
100%
TE Travis Kelce
100%
WR Tyreek Hill
95%
Coach Andy Reid
91%
DT Chris Jones
82%
K Harrison Butker
73%
RB Clyde Edwards-Helaire
68%
QB Chad Henne
64%
OL Trey Smith
59%
S Armani Watts
55%
WR Mecole Hardman
55%
TE Noah Gray
50%
OT Orlando Brown
50%
S Tyrann Mathieu
50%
RB Darrel Williams
45%
OL Joe Thuney
45%
P Tommy Townsend
45%
TE Blake Bell
41%
C Creed Humphrey
41%
RB Jerick McKinnon
41%
CB L'Jarius Sneed
36%
LB Nick Bolton
36%
WR Byron Pringle
32%
WR Demarcus Robinson
27%
G Nick Allegretti
27%
LB Willie Gay
27%
G Andrew Wylie
23%
S Daniel Sorensen
23%
DE Frank Clark
23%
S Juan Thornhill
23%
LB Anthony Hitchens
18%
LB Darius Harris
18%
LS James Winchester
18%
TE Jody Fortson
18%
FB Michael Burton
18%
DE Mike Danna
18%
CB Mike Hughes
18%
DE Alex Okafor
14%
C Austin Blythe
14%
LB Ben Niemann
14%
CB Charvarius Ward
14%
CB Chris Lammons
14%
WR Daurice Fountain
14%
CB DeAndre Baker
14%
DT Derrick Nnadi
14%
LB Dorian O'Daniel
14%
DT Jarran Reed
14%
DE Joshua Kaindoh
14%
DT Khalen Saunders
14%
G Laurent Duvernay-Tardif
14%
OL Lucas Niang
14%
OT Mike Remmers
14%
CB Rashad Fenton
14%
DT Tershawn Wharton
14%
Keine übereinstimmenden Quizze gefunden
Verteilung der Resultate
Anzahl Personen mit jedem Resultat
Perzentil nach korrekt beantworteten Fragen
Ihre Resultats-Entwicklung
Sie haben dieses Quiz noch nicht gespielt